[Event "Vadsosjakken op"]
[Site "Vadso"]
[Date "2007.09.02"]
[Round "4"]
[White "Feoktistov, Alexey A"]
[Black "Shkadiouk, Alexandr"]
[Result "1/2-1/2"]
[WhiteElo "2427"]
[BlackElo "2156"]
[PlyCount "21"]
[EventDate "2007.08.31"]
[EventType "swiss"]
[EventRounds "5"]
[EventCountry "NOR"]
[SourceTitle "CBM 120 Extra"]
[Source "ChessBase"]
[SourceDate "2007.11.01"]
[SourceVersion "1"]
[SourceVersionDate "2007.11.01"]
[SourceQuality "1"]

1. e4 c5 2. c3 e5 3. Nf3 Nc6 4. Bc4 Qc7 5. 0-0 Be7 6. Na3 Nf6 7. d3 h6 8. Nh4 d6 9. Qf3 Bg4 10. Qg3 g5 11. Nf3 1/2-1/2

[Event "Vadsosjakken op"]
[Site "Vadso"]
[Date "2007.09.02"]
[Round "5"]
[White "Shkadiouk, Alexandr"]
[Black "Kristensen, Kjell Ole"]
[Result "0-1"]
[WhiteElo "2156"]
[BlackElo "2012"]
[PlyCount "70"]
[EventDate "2007.08.31"]
[EventType "swiss"]
[EventRounds "5"]
[EventCountry "NOR"]
[SourceTitle "CBM 120 Extra"]
[Source "ChessBase"]
[SourceDate "2007.11.01"]
[SourceVersion "1"]
[SourceVersionDate "2007.11.01"]
[SourceQuality "1"]

1. d4 Nf6 2. c4 c5 3. d5 b5 4. a4 b4 5. b3 d6 6. Bb2 e5 7. Qc2 g6 8. Nd2 Bg7 9. e4 0-0 10. Bd3 Nh5 11. g3 f5 12. 0-0-0 a5 13. exf5 Bxf5 14. Bxf5 gxf5 15. f4 exf4 16. Bxg7 Kxg7 17. gxf4 Qf6 18. Nh3 Kh8 19. Rde1 Qa1+ 20. Nb1 Qd4 21. Qd2 Nd7 22. Re7 Ndf6 23. Qxd4 cxd4 24. Nd2 Rae8 25. Rhe1 Ne4 26. Ra7 Nc5 27. Ree7 Rxe7 28. Rxe7 h6 29. Nf3 d3 30. Nd4 Rg8 31. Rf7 Rg2 32. Rxf5 Ne4 33. Nf3 Rc2+ 34. Kd1 Ra2 35. Kc1 Nc3 0-1

[Event "Vadsosjakken-A"]
[Site "Vadso"]
[Date "2002.08.30"]
[Round "1"]
[White "Feoktistov, Alexey A"]
[Black "Shkadiouk, Alexandr"]
[Result "1/2-1/2"]
[WhiteElo "2405"]
[BlackElo "2168"]
[PlyCount "77"]
[EventDate "2002.08.??"]
[EventType "swiss"]
[EventRounds "5"]
[EventCountry "NOR"]
[SourceTitle "EXT 2005"]
[Source "ChessBase"]
[SourceDate "2004.11.15"]
[SourceVersion "1"]
[SourceVersionDate "2004.11.15"]
[SourceQuality "1"]

1. e4 c5 2. c3 e5 3. Nf3 Nc6 4. Bc4 Qc7 5. 0-0 Be7 6. Na3 Nf6 7. d4 d6 8. Re1 Bg4 9. Nb5 Qb8 10. d5 Nd8 11. a4 0-0 12. a5 Ne8 13. h3 Bd7 14. b4 Kh8 15. g4 g6 16. Bh6 Rg8 17. Kh2 g5 18. bxc5 Rg6 19. Bxg5 Bxg5 20. Nxg5 Rxg5 21. Qd2 Rg6 22. Qe3 a6 23. Nxd6 Nxd6 24. cxd6 Qxd6 25. Bf1 Rc8 26. c4 Qc5 27. Qg3 f6 28. Reb1 Qd4 29. Ra3 Rc7 30. Rb6 Bc8 31. Rf3 Rf7 32. Rd6 Rf8 33. g5 Rfg8 34. Rdxf6 Rxg5 35. Qh4 Qd1 36. Rf8 Qd2 37. Rd3 Qc1 38. Rd1 Qxd1 39. Rxg8+ 1/2-1/2

[Event "Barents Region-chA"]
[Site "Alta"]
[Date "2002.06.16"]
[Round "5"]
[White "Shkadiouk, Alexandr"]
[Black "Gausel, Einar"]
[Result "1/2-1/2"]
[WhiteElo "2177"]
[BlackElo "2524"]
[PlyCount "63"]
[EventDate "2002.06.??"]
[EventType "swiss"]
[EventRounds "6"]
[EventCountry "NOR"]
[SourceTitle "EXT 2005"]
[Source "ChessBase"]
[SourceDate "2004.11.15"]
[SourceVersion "1"]
[SourceVersionDate "2004.11.15"]
[SourceQuality "1"]

1. d4 d5 2. c3 Nf6 3. Bg5 Ne4 4. Bf4 c6 5. e3 Nd7 6. Bd3 g5 7. Bg3 Nxg3 8. hxg3 h6 9. f4 e6 10. Nf3 g4 11. Ne5 Nxe5 12. fxe5 h5 13. Qe2 f5 14. exf6 Qxf6 15. e4 Bd7 16. Nd2 0-0-0 17. 0-0-0 Bh6 18. Kb1 Qg5 19. Nb3 b6 20. c4 dxc4 21. Bxc4 Rdf8 22. Rhf1 Qe3 23. Qc2 Rxf1 24. Rxf1 Rf8 25. Rxf8+ Bxf8 26. Bxe6 c5 27. dxc5 Qe1+ 28. Nc1 Bxc5 29. Bxd7+ Kxd7 30. Qd3+ Ke7 31. Qd5 Be3 32. Qe5+ 1/2-1/2

[Event "Barents Region-chA"]
[Site "Alta"]
[Date "2002.06.16"]
[Round "6"]
[White "Sklyarov, Dmitry V"]
[Black "Shkadiouk, Alexandr"]
[Result "1-0"]
[WhiteElo "2280"]
[BlackElo "2177"]
[PlyCount "47"]
[EventDate "2002.06.??"]
[EventType "swiss"]
[EventRounds "6"]
[EventCountry "NOR"]
[SourceTitle "EXT 2005"]
[Source "ChessBase"]
[SourceDate "2004.11.15"]
[SourceVersion "1"]
[SourceVersionDate "2004.11.15"]
[SourceQuality "1"]

1. e4 d5 2. exd5 Qxd5 3. Nc3 Qa5 4. d4 c6 5. Nf3 Nf6 6. Ne5 Bf5 7. Bc4 e6 8. Qe2 Be7 9. 0-0 Nbd7 10. f4 h5 11. Bd3 Bxd3 12. Nxd3 0-0-0 13. f5 Nf8 14. Ne5 Rxd4 15. Nxf7 Rg8 16. fxe6 Nd5 17. Bg5 Bxg5 18. Nxg5 Ng6 19. Nxd5 Qxd5 20. e7 Re8 21. Qxh5 Qd6 22. Nf7 Qe6 23. Rae1 Nf4 24. Nd6+ 1-0

[Event "Barents Region-chA"]
[Site "Alta"]
[Date "2002.06.14"]
[Round "2"]
[White "Shkadiouk, Alexandr"]
[Black "Fedin, Viktor"]
[Result "1-0"]
[WhiteElo "2177"]
[BlackElo "1818"]
[PlyCount "81"]
[EventDate "2002.06.??"]
[EventType "swiss"]
[EventRounds "6"]
[EventCountry "NOR"]
[SourceTitle "EXT 2005"]
[Source "ChessBase"]
[SourceDate "2004.11.15"]
[SourceVersion "1"]
[SourceVersionDate "2004.11.15"]
[SourceQuality "1"]

1. d4 d5 2. c4 c6 3. Nc3 Nf6 4. e3 e6 5. Nf3 Nbd7 6. Bd3 dxc4 7. Bxc4 Nb6 8. Be2 Be7 9. 0-0 0-0 10. Qc2 Bd7 11. Rd1 Rc8 12. e4 Kh8 13. a3 a5 14. e5 Ng8 15. Ne4 f5 16. exf6 gxf6 17. Nc5 Qc7 18. b4 axb4 19. axb4 Nd5 20. Ra7 Bxc5 21. dxc5 e5 22. Bb2 Rce8 23. Bc4 Nge7 24. b5 Bf5 25. Qb3 Qb8 26. Rda1 Qc8 27. bxc6 bxc6 28. Rb7 Rd8 29. Nxe5 Qe6 30. Rxe7 Qxe7 31. Nxc6 Qxc5 32. Nxd8 Rxd8 33. Bxd5 Rxd5 34. Bxf6+ Kg8 35. Qb8+ Kf7 36. Qh8 Bg6 37. Qg7+ Ke6 38. Re1+ Kf5 39. Be7 Qc6 40. Qf8+ Kg4 41. Qf3# 1-0

[Event "Barents Region-chA"]
[Site "Alta"]
[Date "2002.06.14"]
[Round "1"]
[White "Soraas, Torben"]
[Black "Shkadiouk, Alexandr"]
[Result "1/2-1/2"]
[WhiteElo "1776"]
[BlackElo "2177"]
[PlyCount "46"]
[EventDate "2002.06.??"]
[EventType "swiss"]
[EventRounds "6"]
[EventCountry "NOR"]
[SourceTitle "EXT 2005"]
[Source "ChessBase"]
[SourceDate "2004.11.15"]
[SourceVersion "1"]
[SourceVersionDate "2004.11.15"]
[SourceQuality "1"]

1. e4 c5 2. Nc3 Nc6 3. g3 g6 4. d3 Bg7 5. Be3 d6 6. Qd2 e6 7. Bg2 Nge7 8. Bh6 0-0 9. Bxg7 Kxg7 10. Nge2 Nd4 11. 0-0 Rb8 12. Nd1 Nec6 13. Nc1 d5 14. c3 Nb5 15. exd5 exd5 16. Ne2 Bg4 17. Nf4 Nc7 18. Ne3 Be6 19. Nc2 Qd6 20. d4 c4 21. Rfe1 Rbe8 22. Nh5+ gxh5 23. Qg5+ Kh8 1/2-1/2

[Event "Hammerfest op"]
[Site "Hammerfest"]
[Date "2001.09.29"]
[Round "5"]
[White "Royset, Pal"]
[Black "Shkadiouk, Alexandr"]
[Result "1/2-1/2"]
[WhiteElo "2256"]
[BlackElo "2168"]
[PlyCount "79"]
[EventDate "2001.09.??"]
[EventType "swiss"]
[EventRounds "7"]
[EventCountry "NOR"]
[SourceTitle "EXT 2005"]
[Source "ChessBase"]
[SourceDate "2004.11.15"]
[SourceVersion "1"]
[SourceVersionDate "2004.11.15"]
[SourceQuality "1"]

1. e4 c5 2. c3 e5 3. Nf3 Nc6 4. Bc4 Qc7 5. 0-0 Be7 6. d3 Nf6 7. Bg5 0-0 8. Nbd2 d6 9. Bxf6 Bxf6 10. Re1 g6 11. Nf1 Bg7 12. Ne3 Kh8 13. a3 Rb8 14. b4 b5 15. Ba2 Qd8 16. Bd5 Bd7 17. Nc2 f5 18. exf5 Rxf5 19. Ne3 Rf8 20. Nd2 Ne7 21. Bb3 Bc6 22. bxc5 dxc5 23. Ne4 c4 24. Bc2 cxd3 25. Qxd3 Qxd3 26. Bxd3 Rfd8 27. Bc2 Nd5 28. Ng5 Re8 29. Bb3 Nxe3 30. Nf7+ Kg8 31. Rxe3 Kf8 32. Rd1 Re7 33. Rd6 Bd7 34. Rf3 e4 35. Rf4 Ke8 36. Ra6 Bc8 37. Rd6 Bd7 38. Ra6 Bc8 39. Rd6 Bd7 40. Ra6 1/2-1/2

[Event "Vadsosjakken-A"]
[Site "Vadso"]
[Date "2001.09.01"]
[Round "3"]
[White "Shkadiouk, Alexandr"]
[Black "Boitsov, Gennadij"]
[Result "0-1"]
[WhiteElo "2178"]
[BlackElo "2150"]
[PlyCount "112"]
[EventDate "2001.08.??"]
[EventType "swiss"]
[EventRounds "5"]
[EventCountry "NOR"]
[SourceTitle "EXT 2005"]
[Source "ChessBase"]
[SourceDate "2004.11.15"]
[SourceVersion "1"]
[SourceVersionDate "2004.11.15"]
[SourceQuality "1"]

1. d4 Nf6 2. c4 e6 3. Nc3 Bb4 4. e3 0-0 5. Bd3 Re8 6. Nge2 Nc6 7. 0-0 e5 8. d5 Ne7 9. Qc2 Bxc3 10. Nxc3 d6 11. f4 exf4 12. Rxf4 Ng6 13. Rf1 Ng4 14. Bxg6 fxg6 15. e4 Bd7 16. Bf4 g5 17. Bd2 h6 18. Ne2 Qe7 19. Ng3 Rf8 20. h3 Qe5 21. Qd3 Nf6 22. Bc3 Qe7 23. Rae1 Rae8 24. e5 dxe5 25. Rxe5 Qd6 26. Rxe8 Nxe8 27. Rxf8+ Qxf8 28. b4 b6 29. a3 g4 30. hxg4 Qf4 31. Ne4 Qxg4 32. d6 cxd6 33. Nxd6 Bc6 34. g3 Nxd6 35. Qxd6 Qf3 36. Qd2 Qxg3+ 37. Kf1 Be4 38. Ke2 Qf3+ 39. Ke1 Bd3 40. Qf2 Qxf2+ 41. Kxf2 Bxc4 42. a4 Bb3 43. a5 b5 44. a6 Be6 45. Bd4 Bc8 46. Bxa7 Bxa6 47. Kf3 Bc8 48. Be3 Kf7 49. Kg3 g5 50. Bb6 Kg6 51. Bd8 Kf5 52. Be7 h5 53. Bd8 Be6 54. Be7 h4+ 55. Kh3 Kf4+ 56. Kh2 Kg4 0-1

[Event "Ceske Budejovice op"]
[Site "Ceske Budejovice"]
[Date "1996.??.??"]
[Round "1"]
[White "Michenka, Jozef"]
[Black "Shkadiouk, Alexandr"]
[Result "1-0"]
[WhiteElo "2345"]
[BlackElo "2115"]
[PlyCount "79"]
[EventDate "1996.??.??"]
[EventType "swiss"]
[EventRounds "9"]
[EventCountry "CZE"]
[SourceTitle "EXT 1998"]
[Source "ChessBase"]
[SourceDate "1997.11.17"]
[SourceVersion "1"]
[SourceVersionDate "1997.11.17"]
[SourceQuality "1"]

1. d4 Nf6 2. c4 g6 3. Nc3 Bg7 4. e4 d6 5. f3 0-0 6. Be3 Nc6 7. Nge2 a6 8. Nc1 e5 9. d5 Nd4 10. Nb3 Nxb3 11. axb3 c5 12. Bd3 Bd7 13. 0-0 Nh5 14. Qd2 f5 15. exf5 gxf5 16. b4 cxb4 17. Na4 Bxa4 18. Rxa4 a5 19. c5 dxc5 20. Bxc5 Rf6 21. Bb5 Rc8 22. Be3 Rd6 23. Rc1 Nf4 24. Rxc8 Qxc8 25. Rxa5 Rxd5 26. Qxb4 Rd1+ 27. Bf1 Qc2 28. Ra8+ Kf7 29. Bxf4 exf4 30. Qxb7+ Kg6 31. Ra6+ Bf6 32. Qe7 Qxb2 33. Qe8+ Kh6 34. Qf8+ Kg6 35. Qg8+ Kh6 36. h4 Rxf1+ 37. Kh2 Rh1+ 38. Kxh1 Qa1+ 39. Rxa1 Bxa1 40. Qg5# 1-0